Представление документа в формате MARC21

Поле Инд. ПП Название Значение
Тип записи a
Библиографический уровень m
001 Контрольный номер d884a14c-1976-4f8a-977e-d8707bc9450d
005 Дата корректировки 20140226133318.4
008 Кодируемые данные 010531 d
020 c Цена, тираж 4000.00
040 a Служба первич. каталог. НБ ТвГУ
041 a Код языка текста rus
080 a Индекс УДК 028
084 a Индекс другой классификации/Индекс ББК Ч738
090 c Каталожный индекс Ч738
x Авторский знак Б59
a Полочн. индекс Ч738
245 10 a Заглавие Библиотекарь и читатель
b Продолж. заглавия Проф. тренинг : Метод. пособие
c Ответственность Рос. нац. б-ка; [Сост. М. И. Губанова и др.; Ред. Н. А. Ефимова]
260 0_ a Место издания СПб.
b Издательство Изд-во Рос. нац. б-ки
c Дата издания 1995
300 a Объем 86 с.
650 a Основная рубрика Библиотеки
x Основная подрубрика Обслуживание читателей
653 a Ключевые слова Библиотекарь
a Ключевые слова Библиотечное обслуживание читателей
a Ключевые слова Чтение
700 1_ a Другие авторы Губанова М. И.
e Роль лиц сост.
700 1_ a Другие авторы Крейденко Владимир Семенович
e Роль лиц сост.
700 1_ a Другие авторы Либова О. С.
e Роль лиц сост.
700 1_ a Другие авторы Ефимова Н. А.
e Роль лиц сост.
852 t Порядковый номер экземпляра 1
p Инвентарный номер 672661
954 a Дата поступления на обработку 06.03.97
999 a Подразделение 2 ОМСО